[Event "Khazar Cup 2016 (A) Master Tournament"]
[Site "Zibakenar,Iran"]
[Date "2016.02.14"]
[Round "4"]
[Board "6"]
[White "Pourramezanali, Amirreza"]
[Black "Mousavi, Seyed Khalil"]
[Result "1/2-1/2"]
[WhiteElo "2503"]
[BlackElo "2417"]
[PlyCount "0"]
[EventDate "2016.02.11"]
[EventRounds "9"]
[EventCountry "IRI"]

1. e4 e6 {[%clk 1:28:34]} 2. d4 {[%clk 1:31:22]} d5 {[%clk 1:28:37]} 3. Nd2
{[%clk 1:31:45]} a6 {[%clk 1:27:56]} 4. Ngf3 {[%clk 1:31:28]} c5 {[%clk 1:27:07]}
5. exd5 {[%clk 1:31:34]} exd5 {[%clk 1:27:30]} 6. Be2 {[%clk 1:31:58]} Nc6
{[%clk 1:27:46]} 7. O-O {[%clk 1:31:42]} cxd4 {[%clk 1:22:51]} 8. Nb3 Bd6
{[%clk 1:17:26]} 9. Nbxd4 {[%clk 1:31:36]} Nge7 {[%clk 1:17:19]} 10. Bg5
{[%clk 1:30:13]} O-O {[%clk 1:17:19]} 11. c3 {[%clk 1:25:54]} Bg4
{[%clk 1:16:01]} 12. h3 {[%clk 1:21:47]} Bh5 {[%clk 1:10:06]} 13. Nxc6
{[%clk 1:21:25]} bxc6 {[%clk 1:10:15]} 14. Nd4 {[%clk 1:21:54]} Bxe2
{[%clk 1:08:10]} 15. Qxe2 {[%clk 1:22:23]} Qd7 {[%clk 1:00:14]} 16. Bxe7
{[%clk 1:21:35]} Rfe8 {[%clk 1:00:21]} 17. Qg4 {[%clk 1:21:58]} Qxe7
{[%clk 1:00:46]} 18. Nxc6 {[%clk 1:17:13]} Qb7 {[%clk 1:00:40]} 19. Nd4
{[%clk 1:17:35]} Qxb2 {[%clk 0:54:11]} 20. Nf5 {[%clk 0:58:31]} Be5
{[%clk 0:52:22]} 21. Rab1 {[%clk 0:58:58]} Qxc3 {[%clk 0:46:56]} 22. Rb7
{[%clk 0:54:08]} Kh8 {[%clk 0:36:50]} 23. Rxf7 {[%clk 0:53:10]} Bf6
{[%clk 0:34:31]} 24. Nd6 {[%clk 0:48:21]} Re1 {[%clk 0:33:14]} 25. g3
{[%clk 0:48:34]} Rxf1+ {[%clk 0:28:10]} 26. Kxf1 {[%clk 0:48:51]} Be5
{[%clk 0:24:06]} 27. Qe6 {[%clk 0:45:57]} Bxd6 {[%clk 0:23:32]} 28. Qxd6
{[%clk 0:46:25]} Qc4+ {[%clk 0:22:19]} 29. Kg1 {[%clk 0:43:52]} h6
{[%clk 0:20:04]} 30. a3 {[%clk 0:42:35]} Re8 {[%clk 0:17:54]} 31. Qg6
{[%clk 0:40:48]} Rg8 {[%clk 0:16:05]} 32. Kg2 {[%clk 0:35:17]} d4
{[%clk 0:14:14]} 33. Rd7 {[%clk 0:34:46]} a5 {[%clk 0:12:22]} 34. Qe4
{[%clk 0:22:43]} Qa4 {[%clk 0:11:11]} 35. Qxd4 {[%clk 0:18:51]} Qxa3
{[%clk 0:11:25]} 36. Ra7 {[%clk 0:19:08]} Qb4 {[%clk 0:09:45]} 37. Qa1
{[%clk 0:18:14]} Qe4+ {[%clk 0:09:06]} 38. Kg1 {[%clk 0:18:35]} Qf5
{[%clk 0:09:09]} 39. h4 {[%clk 0:18:58]} Qe4 {[%clk 0:08:27]} 40. Qc3
{[%clk 0:16:52]} Qb1+ {[%clk 0:07:50]} 41. Kg2 {[%clk 0:17:14]} Qe4+
{[%clk 0:08:13]} 42. Qf3 {[%clk 0:16:51]} Qxf3+ {[%clk 0:08:25]} 43. Kxf3
{[%clk 0:17:13]} Rf8+ {[%clk 0:08:43]} 44. Ke3 {[%clk 0:17:37]} Rf5
{[%clk 0:09:07]} 45. g4 {[%clk 0:18:02]} Rb5 {[%clk 0:08:44]} 46. f4
{[%clk 0:18:07]} Kh7 {[%clk 0:08:02]} 47. h5 {[%clk 0:16:50]} Kg8
{[%clk 0:07:48]} 48. Kf3 {[%clk 0:17:17]} Kh7 {[%clk 0:07:16]} 49. Kg3
{[%clk 0:17:03]} Kg8 {[%clk 0:06:57]} 50. f5 {[%clk 0:15:51]} Rb3+
{[%clk 0:06:52]} 51. Kh4 {[%clk 0:16:13]} Ra3 {[%clk 0:06:33]} 52. Ra6
{[%clk 0:15:53]} Kf7 {[%clk 0:05:52]} 53. Ra7+ {[%clk 0:15:47]} Kf6
{[%clk 0:05:31]} 54. Ra6+ {[%clk 0:16:12]} Ke5 {[%clk 0:05:10]} 1/2-1/2

[Event "Khazar Cup 2016 (A) Master Tournament"]
[Site "Zibakenar,Iran"]
[Date "2016.02.14"]
[Round "4"]
[Board "7"]
[White "Idani, Pouya"]
[Black "Khademi, Mohammad Miran"]
[Result "1-0"]
[WhiteElo "2568"]
[BlackElo "2276"]
[PlyCount "0"]
[EventDate "2016.02.11"]
[EventRounds "9"]
[EventCountry "IRI"]

1. e4 {[%clk 1:30:49]} e5 {[%clk 1:27:15]} 2. Nf3 {[%clk 1:31:09]} Nc6
{[%clk 1:27:25]} 3. Bb5 {[%clk 1:31:31]} a6 {[%clk 1:27:46]} 4. Ba4
{[%clk 1:31:41]} Nf6 {[%clk 1:28:06]} 5. d3 {[%clk 1:32:00]} b5 {[%clk 1:28:10]}
6. Bb3 {[%clk 1:32:25]} Bc5 {[%clk 1:24:53]} 7. Nc3 {[%clk 1:32:42]} d6
{[%clk 1:24:54]} 8. Nd5 Na5 {[%clk 1:16:11]} 9. Bg5 {[%clk 1:28:17]} Nxb3
{[%clk 1:16:15]} 10. axb3 {[%clk 1:28:33]} c6 {[%clk 1:16:39]} 11. Nxf6+
{[%clk 1:28:26]} gxf6 {[%clk 1:17:01]} 12. Be3 {[%clk 1:28:03]} Rg8
{[%clk 1:17:20]} 13. Bxc5 {[%clk 1:27:16]} dxc5 {[%clk 1:17:46]} 14. Nh4
{[%clk 1:27:25]} Bg4 {[%clk 1:17:17]} 15. Qd2 {[%clk 1:26:25]} Rg5
{[%clk 1:05:22]} 16. b4 {[%clk 1:16:17]} Qd4 {[%clk 0:38:59]} 17. c3
{[%clk 1:15:48]} Qd7 {[%clk 0:39:01]} 18. bxc5 {[%clk 1:14:54]} Rh5
{[%clk 0:32:49]} 19. g3 {[%clk 1:14:15]} Ke7 {[%clk 0:31:03]} 20. Qe3
{[%clk 1:12:17]} b4 {[%clk 0:28:10]} 21. f3 {[%clk 1:09:28]} Be6 {[%clk 0:23:30]}
22. Kf2 {[%clk 0:58:44]} Qb7 {[%clk 0:20:27]} 23. Rhd1 {[%clk 0:50:38]} bxc3
{[%clk 0:19:35]} 24. bxc3 {[%clk 0:51:00]} Qb2+ {[%clk 0:19:57]} 25. Qd2
{[%clk 0:51:19]} Qb5 {[%clk 0:20:19]} 26. d4 {[%clk 0:50:59]} Rd8
{[%clk 0:19:32]} 27. Rab1 {[%clk 0:48:58]} Qa5 {[%clk 0:17:46]} 28. Qb2
{[%clk 0:42:13]} Ke8 29. Ra1 Qb5 {[%clk 0:14:15]} 30. Qxb5 {[%clk 0:42:08]} axb5
{[%clk 0:14:42]} 31. Ke3 f5 {[%clk 0:10:38]} 32. dxe5 {[%clk 0:40:52]} fxe4
{[%clk 0:11:01]} 33. Rxd8+ {[%clk 0:40:58]} Kxd8 {[%clk 0:11:27]} 34. Kxe4
{[%clk 0:41:07]} f6 {[%clk 0:11:39]} 35. Ra8+ {[%clk 0:41:14]} Ke7
{[%clk 0:11:33]} 36. Ra7+ {[%clk 0:41:32]} Ke8 {[%clk 0:11:54]} 37. exf6
{[%clk 0:41:42]} Bb3 {[%clk 0:08:59]} 38. Re7+ {[%clk 0:41:03]} Kf8
{[%clk 0:09:27]} 39. Re5 {[%clk 0:41:19]} Rh6 {[%clk 0:09:45]} 40. Kd4
{[%clk 0:41:30]} 1-0

[Event "Khazar Cup 2016 (A) Master Tournament"]
[Site "Zibakenar,Iran"]
[Date "2016.02.14"]
[Round "4"]
[Board "8"]
[White "Asgharzadeh, M.Reza"]
[Black "Stopa, Jacek"]
[Result "0-1"]
[WhiteElo "2264"]
[BlackElo "2460"]
[PlyCount "0"]
[EventDate "2016.02.11"]
[EventRounds "9"]
[EventCountry "IRI"]

1. d4 {[%clk 1:30:58]} Nf6 {[%clk 1:29:06]} 2. c4 {[%clk 1:31:11]} c5
{[%clk 1:29:31]} 3. d5 {[%clk 1:31:28]} b5 {[%clk 1:29:57]} 4. Nd2
{[%clk 1:30:36]} bxc4 {[%clk 1:30:14]} 5. e4 {[%clk 1:30:57]} c3 {[%clk 1:30:40]}
6. bxc3 {[%clk 1:31:20]} g6 {[%clk 1:30:20]} 7. c4 {[%clk 1:30:02]} d6
{[%clk 1:30:03]} 8. Bb2 {[%clk 1:27:18]} Bg7 {[%clk 1:30:24]} 9. Qc2 O-O 10. Ngf3
{[%clk 1:26:24]} e5 {[%clk 1:29:50]} 11. dxe6 {[%clk 1:12:46]} Bxe6
{[%clk 1:23:40]} 12. Be2 {[%clk 1:10:02]} Nc6 {[%clk 1:23:44]} 13. O-O
{[%clk 1:10:13]} Rb8 {[%clk 1:21:33]} 14. Bc3 {[%clk 1:10:14]} Re8
{[%clk 1:15:21]} 15. h3 {[%clk 1:00:11]} Bc8 {[%clk 1:04:19]} 16. a3
{[%clk 0:56:35]} Bb7 {[%clk 1:01:47]} 17. Rab1 {[%clk 0:54:00]} Nh5
{[%clk 0:45:53]} 18. Bxg7 {[%clk 0:37:48]} Nxg7 {[%clk 0:46:02]} 19. Rfd1
{[%clk 0:29:47]} Ne6 {[%clk 0:43:18]} 20. Nb3 {[%clk 0:30:02]} Qe7
{[%clk 0:42:06]} 21. Qc3 {[%clk 0:22:51]} Nf4 {[%clk 0:36:22]} 22. Bf1
{[%clk 0:20:47]} Qxe4 {[%clk 0:30:14]} 23. Qf6 {[%clk 0:16:30]} Ne6
{[%clk 0:20:24]} 24. Re1 {[%clk 0:13:12]} Qf5 {[%clk 0:20:31]} 25. Qxf5
{[%clk 0:12:59]} gxf5 {[%clk 0:20:59]} 26. Nh4 {[%clk 0:13:11]} Ne7
{[%clk 0:19:40]} 27. Bd3 {[%clk 0:10:45]} f4 {[%clk 0:15:49]} 28. Bf5
{[%clk 0:09:03]} Ba6 {[%clk 0:13:11]} 29. Nd2 {[%clk 0:06:44]} Rxb1
{[%clk 0:12:46]} 30. Bxb1 {[%clk 0:07:13]} Bb7 {[%clk 0:11:07]} 31. Be4
{[%clk 0:05:26]} d5 {[%clk 0:08:57]} 32. cxd5 {[%clk 0:05:19]} Bxd5
{[%clk 0:09:26]} 33. Bxd5 {[%clk 0:03:27]} Nxd5 {[%clk 0:09:54]} 34. Nf5
{[%clk 0:03:47]} Kf8 {[%clk 0:09:32]} 35. Ne4 {[%clk 0:03:04]} Nd4
{[%clk 0:07:40]} 36. Nfd6 {[%clk 0:03:08]} Re6 {[%clk 0:06:24]} 37. Rb1
{[%clk 0:01:52]} f5 {[%clk 0:04:09]} 38. Rb8+ {[%clk 0:02:16]} Kg7
{[%clk 0:04:27]} 39. Ne8+ Rxe8 {[%clk 0:04:15]} 40. Rxe8 {[%clk 0:02:33]} fxe4
{[%clk 0:04:39]} 41. Rxe4 {[%clk 0:02:44]} Kf6 {[%clk 0:04:54]} 42. Re8
{[%clk 0:03:06]} Kf5 {[%clk 0:02:19]} 43. f3 {[%clk 0:02:53]} c4 {[%clk 0:02:14]}
44. Re4 {[%clk 0:03:19]} Nc3 {[%clk 0:02:37]} 45. g4+ {[%clk 0:02:37]} fxg3
{[%clk 0:02:49]} 0-1

[Event "Khazar Cup 2016 (A) Master Tournament"]
[Site "Zibakenar,Iran"]
[Date "2016.02.14"]
[Round "4"]
[Board "9"]
[White "Starostits, Ilmars"]
[Black "Hosseinzadeh, Nima"]
[Result "1-0"]
[WhiteElo "2437"]
[BlackElo "2207"]
[PlyCount "0"]
[EventDate "2016.02.11"]
[EventRounds "9"]
[EventCountry "IRI"]

1. e4 {[%clk 1:27:08]} c5 {[%clk 1:30:42]} 2. Nc3 {[%clk 1:27:33]} Nc6
{[%clk 1:31:03]} 3. g3 {[%clk 1:27:57]} g6 {[%clk 1:31:25]} 4. Bg2
{[%clk 1:28:24]} Bg7 {[%clk 1:31:43]} 5. f4 {[%clk 1:28:49]} d6 {[%clk 1:31:22]}
6. d3 {[%clk 1:29:08]} e6 {[%clk 1:31:39]} 7. Nf3 {[%clk 1:29:34]} Nge7
{[%clk 1:32:01]} 8. O-O {[%clk 1:29:53]} O-O {[%clk 1:32:15]} 9. Be3
{[%clk 1:30:18]} Nd4 {[%clk 1:32:35]} 10. e5 {[%clk 1:30:41]} Nef5
{[%clk 1:32:50]} 11. Bf2 {[%clk 1:31:07]} Bd7 {[%clk 1:32:37]} 12. Ne4
{[%clk 1:30:27]} Nxf3+ 13. Qxf3 {[%clk 1:27:50]} Bc6 {[%clk 1:33:13]} 14. c3 dxe5
{[%clk 1:32:31]} 15. Bxc5 {[%clk 1:26:56]} exf4 {[%clk 1:28:27]} 16. Qxf4
{[%clk 1:18:53]} Re8 {[%clk 0:33:55]} 17. g4 {[%clk 1:12:35]} Nh4
{[%clk 0:31:29]} 18. Nf6+ {[%clk 0:51:19]} Bxf6 {[%clk 0:31:46]} 19. Bxc6
{[%clk 0:51:44]} bxc6 {[%clk 0:32:08]} 20. Qxf6 {[%clk 0:52:08]} Qxf6
{[%clk 0:32:28]} 21. Rxf6 {[%clk 0:52:34]} Rad8 {[%clk 0:17:58]} 22. Raf1
{[%clk 0:50:14]} Rd7 {[%clk 0:18:26]} 23. Bf2 {[%clk 0:49:52]} g5
{[%clk 0:18:43]} 24. Be3 {[%clk 0:47:00]} Ng6 {[%clk 0:16:37]} 25. Bxg5
{[%clk 0:42:57]} Ne5 {[%clk 0:16:11]} 26. d4 {[%clk 0:43:21]} Nxg4
{[%clk 0:15:34]} 27. R6f3 {[%clk 0:43:44]} f5 {[%clk 0:15:35]} 28. Rg3
{[%clk 0:37:21]} Rg7 {[%clk 0:15:40]} 29. Bf4 {[%clk 0:37:30]} Rg6
{[%clk 0:13:32]} 30. Re1 {[%clk 0:36:53]} Kf7 {[%clk 0:11:45]} 31. h3
{[%clk 0:33:13]} Nf6 {[%clk 0:12:14]} 32. Rxg6 {[%clk 0:33:36]} hxg6
{[%clk 0:11:39]} 33. Re5 {[%clk 0:33:35]} Nd5 {[%clk 0:06:45]} 34. Bd2
{[%clk 0:33:51]} Rb8 {[%clk 0:05:32]} 35. b3 {[%clk 0:34:11]} Rh8
{[%clk 0:03:27]} 36. Kg2 {[%clk 0:34:21]} Rd8 {[%clk 0:01:43]} 37. c4
{[%clk 0:32:28]} Nf6 {[%clk 0:02:12]} 38. Be3 {[%clk 0:31:49]} Ne4
{[%clk 0:02:40]} 39. Ra5 {[%clk 0:31:57]} Rd7 {[%clk 0:03:09]} 40. Ra6
{[%clk 0:32:02]} Rc7 {[%clk 0:02:24]} 41. h4 {[%clk 0:30:20]} Ke7
{[%clk 0:00:33]} 42. Kf3 {[%clk 0:27:47]} Kd7 {[%clk 0:00:53]} 43. Bf4
{[%clk 0:27:12]} Rb7 {[%clk 0:01:03]} 44. d5 {[%clk 0:26:02]} cxd5
{[%clk 0:00:50]} 45. cxd5 {[%clk 0:26:28]} exd5 {[%clk 0:00:45]} 46. Rxg6
{[%clk 0:26:53]} Rb6 {[%clk 0:00:32]} 47. Rg7+ {[%clk 0:27:06]} Ke6
{[%clk 0:01:01]} 48. h5 {[%clk 0:25:44]} Rc6 {[%clk 0:01:03]} 49. Rg6+
{[%clk 0:23:43]} Kd7 {[%clk 0:01:29]} 50. Rxc6 {[%clk 0:23:39]} Kxc6
{[%clk 0:01:58]} 51. Be3 {[%clk 0:22:22]} a6 {[%clk 0:00:32]} 52. Kf4
{[%clk 0:22:11]} Kd6 {[%clk 0:00:43]} 53. Bd4 {[%clk 0:21:44]} Ke6
{[%clk 0:00:56]} 54. h6 {[%clk 0:22:09]} Nf6 {[%clk 0:00:41]} 55. Bxf6
{[%clk 0:22:24]} Kxf6 {[%clk 0:01:10]} 56. h7 {[%clk 0:22:48]} Kg7
{[%clk 0:01:32]} 57. Kxf5 {[%clk 0:23:14]} 1-0

[Event "Khazar Cup 2016 (A) Master Tournament"]
[Site "Zibakenar,Iran"]
[Date "2016.02.14"]
[Round "4"]
[Board "10"]
[White "Molaei, Mohammadamin"]
[Black "Guliev, Logman"]
[Result "0-1"]
[WhiteElo "2230"]
[BlackElo "2408"]
[PlyCount "0"]
[EventDate "2016.02.11"]
[EventRounds "9"]
[EventCountry "IRI"]

1. d4 Nf6 2. c4 e6 3. Nf3 Bb4+ 4. Nbd2 O-O 5. a3 Bxd2+ 6. Qxd2 b6 7. e3 Bb7 8.
Be2 d6 9. b4 Nbd7 10. Bb2 Ne4 11. Qc2 f5 12. O-O Ng5 13. Ne1 f4 14. f3 fxe3 15.
Bc1 a5 16. b5 Qf6 17. Bxe3 e5 18. c5 bxc5 19. dxc5 dxc5 20. Qd2 Ne6 21. Bc4 Nb6
22. Bxe6+ Qxe6 23. Bxc5 Rfd8 24. Qc2 Bd5 25. Rf2 a4 26. Qc3 Bc4 27. Rb1 Qd5 28.
Be3 Qe6 29. Bc5 Bb3 30. Nc2 Nd5 31. Qe1 Nf4 32. Nb4 Qg6 33. Rfb2 Rd7 34. Qxe5
Nxg2 35. Qe4 Qxe4 36. fxe4 Nf4 37. Be3 Ng6 38. Na6 Ne5 39. Nc5 Rd1+ 40. Rxd1 Bxd1
41. Rb4 Rf8 42. Ne6 Rf3 43. Rd4 Rxe3 44. Rxd1 Rxa3 45. Nxc7 Rb3 46. Rd8+ Kf7 47.
Ra8 a3 48. Nd5 Nc4 49. b6 Ke6 50. Ra7 Kd6 51. Kg2 Ke5 52. b7 Kxe4 53. Ne7 Nd6 54.
Ra4+ Nc4 55. Rxc4+ Ke5 56. b8=Q+ Rxb8 57. Nc6+ Kd5 58. Ra4 Rb2+ 59. Kg1 Rb3 60.
Nb4+ Kc5 61. Nc2 Rb1+ 62. Kg2 Rb2 63. Rxa3 Rxc2+ 64. Kg3 Kd6 65. Ra6+ Rc6 66. Ra7
Rc7 67. Ra6+ Ke5 68. Ra5+ Ke6 69. Kg4 Rc4+ 70. Kg3 Re4 71. Ra6+ Kf5 72. Ra7 Kf6
73. Ra6+ Re6 74. Ra5 g6 75. h3 Re5 76. Ra7 h6 77. Kf4 g5+ 78. Kg4 Re4+ 79. Kf3
Re6 80. Ra4 h5 81. Ra8 Rb6 82. Ra3 Rb5 83. Rc3 Rf5+ 84. Kg3 Rd5 85. Kf3 Ke5 86.
Ra3 Rc5 87. Rb3 Kd4 88. Rb4+ Kc3 89. Rb8 Rd5 90. Ke4 Rc5 91. Rh8 h4 92. Rf8 Kd2
93. Rf2+ Ke1 94. Rg2 Kf1 95. Ra2 Rc3 96. Kf5 Rg3 97. Rb2 Kg1 0-1

[Event "Khazar Cup 2016 (A) Master Tournament"]
[Site "Zibakenar,Iran"]
[Date "2016.02.14"]
[Round "4"]
[Board "11"]
[White "Khodashenas, Mersad"]
[Black "Rostami, Rouzbeh"]
[Result "1/2-1/2"]
[WhiteElo "2393"]
[BlackElo "2144"]
[PlyCount "0"]
[EventDate "2016.02.11"]
[EventRounds "9"]
[EventCountry "IRI"]

1. e4 {[%clk 1:30:57]} c5 {[%clk 1:21:21]} 2. Nf3 {[%clk 1:31:18]} Nc6
{[%clk 1:21:41]} 3. d4 {[%clk 1:31:41]} cxd4 {[%clk 1:22:24]} 4. Nxd4
{[%clk 1:32:29]} g6 {[%clk 1:22:24]} 5. c4 {[%clk 1:32:29]} Nf6 {[%clk 1:22:24]}
6. Nc3 {[%clk 1:32:29]} d6 {[%clk 1:22:24]} 7. Be2 {[%clk 1:32:29]} Nxd4
{[%clk 1:22:24]} 8. Qxd4 {[%clk 1:32:29]} Bg7 {[%clk 1:22:24]} 9. Be3
{[%clk 1:32:29]} O-O {[%clk 1:22:24]} 10. Qd2 {[%clk 1:32:29]} a5
{[%clk 1:22:24]} 11. f3 {[%clk 1:32:29]} a4 {[%clk 1:22:24]} 12. O-O
{[%clk 1:32:29]} Be6 {[%clk 1:22:24]} 13. Rac1 {[%clk 1:32:29]} Qa5
{[%clk 1:22:24]} 14. Ra1 {[%clk 1:27:37]} Qd8 {[%clk 1:22:51]} 15. Rac1
{[%clk 1:25:20]} Qa5 {[%clk 1:21:17]} 16. Nd5 {[%clk 1:19:41]} Bxd5
{[%clk 1:06:30]} 17. Qxa5 {[%clk 1:10:55]} Rxa5 {[%clk 1:06:17]} 18. cxd5
{[%clk 1:11:24]} Nd7 {[%clk 1:06:34]} 19. Rc7 {[%clk 1:08:56]} Nc5
{[%clk 1:06:54]} 20. Rb1 {[%clk 1:03:41]} Bf6 {[%clk 1:04:35]} 21. g4
{[%clk 1:03:10]} Re8 {[%clk 1:03:16]} 22. g5 {[%clk 0:54:31]} Be5
{[%clk 0:58:55]} 23. Kf2 {[%clk 0:52:47]} b6 {[%clk 0:55:22]} 24. f4
{[%clk 0:43:13]} Bg7 {[%clk 0:54:17]} 25. Kf3 {[%clk 0:43:42]} e6
{[%clk 0:54:36]} 26. dxe6 {[%clk 0:25:35]} fxe6 {[%clk 0:48:25]} 27. Rd1
{[%clk 0:17:41]} d5 {[%clk 0:37:35]} 28. exd5 {[%clk 0:15:30]} Bxb2
{[%clk 0:33:06]} 29. dxe6 {[%clk 0:07:23]} Nxe6 {[%clk 0:32:39]} 30. Bc4
{[%clk 0:06:42]} Kf8 {[%clk 0:32:38]} 31. Bxb6 {[%clk 0:05:48]} Nxc7
{[%clk 0:19:11]} 32. Bxa5 {[%clk 0:06:04]} Ne6 {[%clk 0:19:29]} 33. Bb4+
{[%clk 0:06:18]} Kg7 {[%clk 0:19:47]} 34. Rd7+ {[%clk 0:04:40]} Kh8
{[%clk 0:20:09]} 35. Re7 {[%clk 0:00:49]} Nd4+ {[%clk 0:18:06]} 36. Ke4
{[%clk 0:01:18]} Rc8 {[%clk 0:18:20]} 37. Kd3 {[%clk 0:00:37]} Nc6
{[%clk 0:18:20]} 38. Rb7 {[%clk 0:00:35]} Nxb4+ {[%clk 0:18:05]} 39. Rxb4
{[%clk 0:01:04]} a3 {[%clk 0:18:14]} 40. Rb7 {[%clk 0:00:52]} Rf8
{[%clk 0:17:06]} 41. Ke4 {[%clk 0:00:32]} Bc1 {[%clk 0:16:52]} 42. Bf7
{[%clk 0:00:56]} Kg7 {[%clk 0:15:59]} 43. Rc7 {[%clk 0:00:39]} Bd2
{[%clk 0:15:29]} 44. Rd7 {[%clk 0:01:04]} Bc1 {[%clk 0:15:46]} 45. Be6+
{[%clk 0:00:55]} Kh8 {[%clk 0:15:58]} 46. Bf7 {[%clk 0:00:33]} Kg7
{[%clk 0:16:18]} 47. Be6+ {[%clk 0:00:35]} Kh8 {[%clk 0:16:45]} 48. Rd1
{[%clk 0:00:33]} Bxf4 {[%clk 0:16:21]} 49. h4 {[%clk 0:00:46]} h6
{[%clk 0:16:21]} 50. Rf1 {[%clk 0:00:35]} hxg5 {[%clk 0:16:41]} 51. hxg5
{[%clk 0:01:04]} Bd6 {[%clk 0:16:40]} 52. Rd1 {[%clk 0:01:16]} Be7
{[%clk 0:17:04]} 53. Rd5 {[%clk 0:01:10]} Rf1 {[%clk 0:16:58]} 54. Ra5
{[%clk 0:00:34]} Re1+ {[%clk 0:17:02]} 55. Kd5 {[%clk 0:01:03]} Rg1
{[%clk 0:16:24]} 56. Ra8+ {[%clk 0:00:54]} Kg7 {[%clk 0:16:27]} 57. Ra7
{[%clk 0:01:07]} Rxg5+ {[%clk 0:16:47]} 58. Ke4 {[%clk 0:01:37]} Kf6
{[%clk 0:17:07]} 59. Bb3 {[%clk 0:02:05]} Re5+ {[%clk 0:17:01]} 60. Kf4
{[%clk 0:01:53]} g5+ {[%clk 0:17:07]} 61. Kf3 {[%clk 0:02:23]} Rf5+
{[%clk 0:17:18]} 62. Kg2 {[%clk 0:02:37]} g4 {[%clk 0:17:04]} 63. Kg3
{[%clk 0:02:38]} Rg5 {[%clk 0:15:54]} 64. Ra6+ {[%clk 0:03:07]} Kg7
{[%clk 0:16:02]} 65. Ra7 {[%clk 0:03:36]} Kf6 {[%clk 0:15:23]} 66. Ra6+
{[%clk 0:04:04]} Kg7 {[%clk 0:15:15]} 67. Bd1 {[%clk 0:04:07]} Rg6
{[%clk 0:15:34]} 68. Ra7 {[%clk 0:04:26]} Kf6 {[%clk 0:15:55]} 69. Bxg4
{[%clk 0:04:45]} Bd6+ {[%clk 0:16:15]} 70. Kf3 {[%clk 0:05:14]} Ke5
{[%clk 0:16:34]} 71. Ra4 {[%clk 0:04:33]} Rf6+ {[%clk 0:16:54]} 72. Ke3
{[%clk 0:04:49]} Bc5+ {[%clk 0:17:13]} 73. Kd3 {[%clk 0:05:18]} Rd6+
{[%clk 0:16:56]} 74. Kc3 {[%clk 0:05:11]} Bd4+ {[%clk 0:16:57]} 75. Kb3
{[%clk 0:04:49]} Rb6+ {[%clk 0:17:21]} 76. Kc4 {[%clk 0:05:09]} Bb2
{[%clk 0:17:19]} 77. Ra5+ {[%clk 0:05:09]} Kf4 {[%clk 0:17:34]} 78. Bd7
{[%clk 0:05:05]} Ke3 {[%clk 0:18:02]} 79. Ba

[Event "Khazar Cup 2016 (A) Master Tournament"]
[Site "Zibakenar,Iran"]
[Date "2016.02.14"]
[Round "4"]
[Board "12"]
[White "Aghaei, Alireza"]
[Black "Soozankar, A.M."]
[Result "1-0"]
[WhiteElo "2206"]
[BlackElo "2386"]
[PlyCount "0"]
[EventDate "2016.02.11"]
[EventRounds "9"]
[EventCountry "IRI"]

1. d4 Nf6 2. c4 e6 3. Nf3 c5 4. d5 exd5 5. cxd5 d6 6. e4 g6 7. Bd3 Bg7 8. O-O O-O
9. Nbd2 Na6 10. Re1 Nc7 11. a4 b6 12. Nc4 Ba6 13. Bf4 Bxc4 14. Bxc4 Nh5 15. Bg5
Bf6 16. Qd2 a6 17. Bh6 Re8 18. e5 Bg7 19. g4 b5 20. Bf1 dxe5 21. gxh5 e4 22. Bxg7
Kxg7 23. h6+ Kg8 24. Qc3 f6 25. Nd2 Nxd5 26. Qxc5 f5 27. axb5 Qg5+ 28. Kh1 Nf6
29. Qc3 a5 30. Bc4+ Kf8 31. Rg1 Qh4 32. b6 Rad8 33. Rxa5 e3 34. Nf3 1-0